| 000 | 00996nam a2200265 a 4500 | ||
|---|---|---|---|
| 001 | 38225 | ||
| 003 | BD-RjUL | ||
| 005 | 20211209052743.0 | ||
| 008 | 910808s1990 ii e b 001 0 beno | ||
| 020 | _a8170662850 : | ||
| 035 | _a(BD-RjUL)38330 | ||
| 040 |
_aDLC _cDLC _dDLC _bben |
||
| 041 | _aben | ||
| 082 |
_223 _a330 _bSEL 2012 |
||
| 100 | 1 |
_aসেন, অমর্ত _d1933- _9118198 |
|
| 245 | 1 | 0 |
_aজীবনযাত্রা ও অর্থনীতি / _c অমর্ত সেন |
| 260 |
_aকলকাতা : _bআনন্দ, _c১৯৯০ [২০১১] |
||
| 300 |
_a১৯৭ পৃ. ; _c২২ সেমি. |
||
| 504 | _aIগ্রন্থপন্জি (পৃ ১৯১-১৯৫). | ||
| 650 | 0 |
_aঅর্থনীতির উন্নয়ন. _9116877 |
|
| 650 | 0 |
_aEconomic Development _9118200 |
|
| 651 | 0 |
_aBangladesh _xEconomic policy. _9118201 |
|
| 942 |
_2ddc _cBK |
||
| 999 |
_c38225 _d38225 |
||